[Event "DEM U14w 2018"]
[Site "Willingen GER"]
[Date "2018.05.22"]
[Round "4"]
[White "Glinzner, Alva"]
[Black "Reuter, Elisa"]
[Result "1/2-1/2"]
[Termination "normal"]
[Board "5"]
[WhiteElo "1813"]
[BlackElo "1835"]
[WhiteClock "00:20:44"]
[BlackClock "00:26:43"]
[PlyCount "58"]
[WhiteFideId "16206169"]
[BlackFideId "12995444"]
[EventCountry "GER"]
[EventRounds "9"]
[EventType "swiss"]
[EventDate "2018.05.19"]

1. e4 {[%clk 1:30:59]} 1... c5 {[%clk 1:30:55]} 2. Nf3 {[%clk 1:31:22]} 2... g6
{[%clk 1:31:20]} 3. c4 {[%clk 1:24:54]} 3... Bg7 {[%clk 1:31:12]} 4. d4 { [%clk
1:25:12]} 4... cxd4 {[%clk 1:31:35]} 5. Nxd4 {[%clk 1:25:38]} 5... Nc6 { [%clk
1:31:58]} 6. Be3 {[%clk 1:25:52]} 6... Nf6 {[%clk 1:32:24]} 7. Nc3 { [%clk
1:26:12]} 7... O-O {[%clk 1:32:48]} 8. Nc2 {[%clk 1:25:29]} 8... d6 { [%clk
1:32:32]} 9. Be2 {[%clk 1:25:37]} 9... Be6 {[%clk 1:31:21]} 10. h3 { [%clk
1:23:57]} 10... Rc8 {[%clk 1:30:44]} 11. Qd2 {[%clk 1:23:20]} 11... Nd7 { [%clk
1:25:47]} 12. Rc1 {[%clk 1:17:23]} 12... a5 {[%clk 1:24:07]} 13. b3 { [%clk
1:11:19]} 13... Nc5 {[%clk 1:23:38]} 14. Nd4 {[%clk 1:04:40]} 14... Nxd4 {[%clk
1:22:08]} 15. Bxd4 {[%clk 1:05:01]} 15... Bxd4 {[%clk 1:22:09]} 16. Qxd4 {[%clk
1:05:23]} 16... Qb6 {[%clk 1:21:03]} 17. O-O {[%clk 1:01:52]} 17... a4 { [%clk
1:20:20]} 18. Rb1 {[%clk 1:01:07]} 18... axb3 {[%clk 1:19:43]} 19. axb3 { [%clk
1:00:56]} 19... Qb4 {[%clk 1:18:18]} 20. Qe3 {[%clk 0:57:50]} 20... Ra8 { [%clk
1:16:53]} 21. Nb5 {[%clk 0:54:42]} 21... Rfc8 {[%clk 1:13:19]} 22. Bf3 { [%clk
0:52:44]} 22... Ra2 {[%clk 1:06:50]} 23. Rfd1 {[%clk 0:49:25]} 23... Rc2 {[%clk
1:04:43]} 24. Qf4 {[%clk 0:39:45]} 24... Ra2 {[%clk 0:34:21]} 25. Nd4 { [%clk
0:36:20]} 25... Rca8 {[%clk 0:32:23]} 26. Qg5 {[%clk 0:35:19]} 26... Re8 {[%clk
0:30:54]} 27. Qe3 {[%clk 0:32:26]} 27... Rea8 {[%clk 0:29:48]} 28. Nb5 { [%clk
0:31:29]} 28... Re8 {[%clk 0:26:45]} 29. Nd4 {[%clk 0:20:44]} 29... Rea8 {[%clk
0:26:43]} 1/2-1/2

[Event "DEM U14w 2018"]
[Site "Willingen GER"]
[Date "2018.05.22"]
[Round "4"]
[White "Ortlepp, Klaudia"]
[Black "Ricken, Katharina"]
[Result "0-1"]
[Termination "normal"]
[Board "6"]
[WhiteElo "1505"]
[BlackElo "1798"]
[WhiteClock "00:02:50"]
[BlackClock "00:27:15"]
[PlyCount "60"]
[WhiteFideId "16206045"]
[BlackFideId "16207017"]
[EventCountry "GER"]
[EventRounds "9"]
[EventType "swiss"]
[EventDate "2018.05.19"]

1. e4 {[%clk 1:30:59]} 1... e6 {[%clk 1:30:58]} 2. d4 {[%clk 1:31:21]} 2... d5
{[%clk 1:31:24]} 3. Nc3 {[%clk 1:31:42]} 3... Nc6 {[%clk 1:31:50]} 4. Bd3 {
[%clk 1:32:00]} 4... Nf6 {[%clk 1:31:29]} 5. e5 {[%clk 1:30:53]} 5... Nd7 {
[%clk 1:31:43]} 6. Nf3 {[%clk 1:28:25]} 6... Nb4 {[%clk 1:31:17]} 7. Be2 {
[%clk 1:26:05]} 7... c5 {[%clk 1:31:38]} 8. Nb5 {[%clk 1:17:31]} 8... Qb6 {
[%clk 1:27:37]} 9. c3 {[%clk 1:14:05]} 9... Nc6 {[%clk 1:23:13]} 10. O-O {
[%clk 1:10:24]} 10... a6 {[%clk 1:21:42]} 11. Qa4 {[%clk 1:05:04]} 11... Rb8 {
[%clk 1:13:02]} 12. Na3 {[%clk 1:02:45]} 12... Be7 {[%clk 1:10:31]} 13. Bf4 {
[%clk 0:55:11]} 13... Qxb2 {[%clk 1:07:45]} 14. Nc2 {[%clk 0:45:40]} 14... c4 {
[%clk 0:48:07]} 15. Bc1 {[%clk 0:23:19]} 15... Qxc3 {[%clk 0:45:10]} 16. Bd2 {
[%clk 0:11:35]} 16... Qb2 {[%clk 0:42:39]} 17. Bc1 {[%clk 0:10:25]} 17... Qb5 {
[%clk 0:36:11]} 18. Qxb5 {[%clk 0:10:01]} 18... axb5 {[%clk 0:36:36]} 19. Rb1 {
[%clk 0:09:59]} 19... b4 {[%clk 0:36:07]} 20. Bd2 {[%clk 0:09:03]} 20... Ra8 {
[%clk 0:35:43]} 21. Ra1 {[%clk 0:08:37]} 21... Ndb8 {[%clk 0:33:27]} 22. Rfb1 {
[%clk 0:08:32]} 22... Na6 {[%clk 0:33:42]} 23. Be1 {[%clk 0:06:14]} 23... O-O {
[%clk 0:32:33]} 24. Ne3 {[%clk 0:06:10]} 24... f6 {[%clk 0:31:43]} 25. Rd1 {
[%clk 0:05:00]} 25... fxe5 {[%clk 0:31:22]} 26. dxe5 {[%clk 0:05:16]} 26... Bc5
{[%clk 0:29:45]} 27. Nc2 {[%clk 0:03:36]} 27... b5 28. Bd2 {[%clk 0:02:56]}
28... d4 {[%clk 0:28:33]} 29. Bc1 {[%clk 0:02:46]} 29... Rd8 {[%clk 0:27:17]}
30. Bg5 {[%clk 0:02:50]} 30... Rd5 {[%clk 0:27:15]} 0-1

[Event "DEM U14w 2018"]
[Site "Willingen GER"]
[Date "2018.05.22"]
[Round "4"]
[White "Wagner, Victoria"]
[Black "Pavlov, Liliane"]
[Result "1-0"]
[Termination "normal"]
[Board "7"]
[WhiteElo "1700"]
[BlackElo "1605"]
[WhiteClock "00:07:35"]
[BlackClock "00:42:28"]
[PlyCount "151"]
[WhiteFideId "16232348"]
[BlackFideId "16225449"]
[EventCountry "GER"]
[EventRounds "9"]
[EventType "swiss"]
[EventDate "2018.05.19"]

1. e4 {[%clk 1:30:57]} 1... d5 {[%clk 1:30:45]} 2. exd5 {[%clk 1:31:20]} 2...
Qxd5 {[%clk 1:31:05]} 3. Nc3 {[%clk 1:31:41]} 3... Qd6 {[%clk 1:31:30]} 4. d4 {
[%clk 1:32:04]} 4... c6 {[%clk 1:31:52]} 5. Nf3 {[%clk 1:32:15]} 5... Nf6 {
[%clk 1:31:55]} 6. Ne5 {[%clk 1:31:55]} 6... Nbd7 {[%clk 1:27:49]} 7. f4 {
[%clk 1:31:48]} 7... e6 {[%clk 1:24:34]} 8. g4 {[%clk 1:28:28]} 8... Qc7 {
[%clk 1:23:11]} 9. Bg2 {[%clk 1:23:31]} 9... Bb4 {[%clk 1:20:51]} 10. O-O {
[%clk 1:19:48]} 10... Bxc3 {[%clk 1:17:13]} 11. bxc3 {[%clk 1:20:12]} 11... O-O
{[%clk 1:16:35]} 12. c4 {[%clk 1:15:44]} 12... Nxe5 {[%clk 1:16:13]} 13. fxe5 {
[%clk 1:14:58]} 13... Nd7 {[%clk 1:16:17]} 14. Be4 {[%clk 1:11:04]} 14... c5 {
[%clk 1:16:07]} 15. Qd3 {[%clk 1:06:12]} 15... h6 {[%clk 1:14:48]} 16. Ba3 {
[%clk 0:56:58]} 16... Rb8 {[%clk 1:14:50]} 17. g5 {[%clk 0:53:18]} 17... b6 {
[%clk 1:12:04]} 18. gxh6 {[%clk 0:50:58]} 18... gxh6 {[%clk 1:06:47]} 19. Qg3+
{[%clk 0:44:05]} 19... Kh8 {[%clk 1:07:03]} 20. Qh4 {[%clk 0:42:29]} 20... Kg7
{[%clk 1:06:53]} 21. Qg4+ {[%clk 0:41:08]} 21... Kh8 {[%clk 1:07:10]} 22. Qh5 {
[%clk 0:40:42]} 22... Kg7 {[%clk 1:07:24]} 23. Kh1 {[%clk 0:39:37]} 23... Nxe5
{[%clk 1:01:19]} 24. dxe5 {[%clk 0:38:31]} 24... Rh8 {[%clk 1:01:15]} 25. Rf6 {
[%clk 0:35:42]} 25... Bb7 {[%clk 1:00:31]} 26. Bxb7 {[%clk 0:34:11]} 26...
Qxb7+ {[%clk 1:00:54]} 27. Qf3 {[%clk 0:34:15]} 27... Qxf3+ {[%clk 1:01:04]}
28. Rxf3 {[%clk 0:34:38]} 28... Rbd8 {[%clk 1:00:58]} 29. Rd3 {[%clk 0:33:27]}
29... Kg6 {[%clk 0:59:56]} 30. Rad1 {[%clk 0:33:06]} 30... Rxd3 {[%clk 1:00:08]
} 31. cxd3 {[%clk 0:33:20]} 31... Rd8 {[%clk 0:59:51]} 32. Bb2 {[%clk 0:32:40]}
32... a6 {[%clk 0:59:20]} 33. Kg2 {[%clk 0:32:10]} 33... b5 {[%clk 0:59:38]}
34. cxb5 {[%clk 0:32:16]} 34... axb5 {[%clk 1:00:02]} 35. Kf2 {[%clk 0:32:12]}
35... Kf5 {[%clk 0:59:57]} 36. Ke3 {[%clk 0:30:56]} 36... b4 {[%clk 0:59:50]}
37. Rc1 {[%clk 0:28:54]} 37... Rd5 {[%clk 0:53:29]} 38. Rc4 {[%clk 0:26:20]}
38... Kg5 {[%clk 0:51:43]} 39. d4 {[%clk 0:25:19]} 39... cxd4+ {[%clk 0:50:50]}
40. Bxd4 {[%clk 0:25:21]} 40... Ra5 {[%clk 0:46:07]} 41. Rxb4 {[%clk 0:22:08]}
41... Rxa2 {[%clk 0:44:59]} 42. Bb2 {[%clk 0:21:31]} 42... Kf5 {[%clk 0:44:20]}
43. Kf3 {[%clk 0:19:35]} 43... h5 {[%clk 0:37:47]} 44. Kg3 {[%clk 0:16:57]}
44... Ra8 {[%clk 0:36:42]} 45. Rf4+ {[%clk 0:16:11]} 45... Kg6 {[%clk 0:36:59]}
46. Rf6+ {[%clk 0:15:39]} 46... Kg7 {[%clk 0:37:22]} 47. Bc1 {[%clk 0:14:12]}
47... Rh8 {[%clk 0:33:32]} 48. Bg5 {[%clk 0:10:20]} 48... Rh7 {[%clk 0:32:05]}
49. Kf3 {[%clk 0:07:22]} 49... h4 {[%clk 0:31:25]} 50. h3 {[%clk 0:07:09]}
50... Rh8 {[%clk 0:31:23]} 51. Kg4 {[%clk 0:07:00]} 51... Rc8 {[%clk 0:31:03]}
52. Kxh4 {[%clk 0:05:55]} 52... Rc4+ {[%clk 0:31:25]} 53. Bf4 {[%clk 0:05:04]}
53... Rd4 {[%clk 0:31:20]} 54. Kg4 {[%clk 0:03:50]} 54... Rd1 {[%clk 0:31:02]}
55. h4 {[%clk 0:03:18]} 55... Rg1+ {[%clk 0:31:06]} 56. Bg3 {[%clk 0:03:18]}
56... Rd1 {[%clk 0:28:05]} 57. h5 {[%clk 0:00:50]} 57... Rh1 {[%clk 0:28:18]}
58. Kg5 {[%clk 0:28:47]} 58... Rg1 {[%clk 0:58:07]} 59. h6+ {[%clk 0:26:38]}
59... Kg8 {[%clk 0:57:49]} 60. Rf3 {[%clk 0:25:16]} 60... Rh1 {[%clk 0:56:22]}
61. Bh4 {[%clk 0:19:47]} 61... Rg1+ {[%clk 0:56:35]} 62. Rg3 {[%clk 0:19:44]}
62... Rf1 {[%clk 0:55:23]} 63. Kh5+ {[%clk 0:19:14]} 63... Kh7 {[%clk 0:53:54]}
64. Rg7+ {[%clk 0:16:46]} 64... Kh8 {[%clk 0:54:13]} 65. Bf6 {[%clk 0:14:00]}
65... Rh1+ {[%clk 0:54:12]} 66. Kg5 {[%clk 0:13:34]} 66... Rg1+ {[%clk 0:53:43]
} 67. Kf4 {[%clk 0:13:17]} 67... Rf1+ {[%clk 0:52:36]} 68. Ke3 {[%clk 0:12:18]}
68... Re1+ {[%clk 0:52:23]} 69. Kd4 {[%clk 0:10:49]} 69... Rd1+ {[%clk 0:51:49]
} 70. Kc5 {[%clk 0:10:22]} 70... Rd5+ {[%clk 0:51:24]} 71. Kc6 {[%clk 0:10:18]}
71... Rc5+ {[%clk 0:48:06]} 72. Kd7 {[%clk 0:10:17]} 72... Rc7+ {[%clk 0:48:29]
} 73. Ke8 {[%clk 0:10:17]} 73... Rc8+ {[%clk 0:46:40]} 74. Bd8 {[%clk 0:09:44]}
74... Rc5 {[%clk 0:43:29]} 75. Rxf7 {[%clk 0:07:43]} 75... Rc8 {[%clk 0:42:28]}
76. Kd7 {[%clk 0:07:35]} 1-0

[Event "DEM U14w 2018"]
[Site "Willingen GER"]
[Date "2018.05.22"]
[Round "4"]
[White "Basovskiy, Jana"]
[Black "Jacoby, Angelina"]
[Result "1-0"]
[Termination "normal"]
[Board "8"]
[WhiteElo "1862"]
[BlackElo "1221"]
[WhiteClock "00:12:40"]
[BlackClock "00:24:29"]
[PlyCount "73"]
[WhiteFideId "16208617"]
[BlackFideId "12999008"]
[EventCountry "GER"]
[EventRounds "9"]
[EventType "swiss"]
[EventDate "2018.05.19"]

1. e4 {[%clk 1:30:58]} 1... d5 {[%clk 1:30:57]} 2. exd5 {[%clk 1:31:25]} 2...
Qxd5 {[%clk 1:31:16]} 3. Nc3 {[%clk 1:31:53]} 3... Qa5 {[%clk 1:31:40]} 4. Bc4
{[%clk 1:32:14]} 4... Nf6 {[%clk 1:31:52]} 5. d3 {[%clk 1:32:33]} 5... c6 {
[%clk 1:32:12]} 6. Bd2 {[%clk 1:32:57]} 6... Qc7 {[%clk 1:32:36]} 7. Nf3 {
[%clk 1:33:12]} 7... Bf5 {[%clk 1:32:53]} 8. Qe2 {[%clk 1:33:03]} 8... e6 {
[%clk 1:32:51]} 9. O-O-O {[%clk 1:31:53]} 9... Nbd7 {[%clk 1:32:42]} 10. h3 {
[%clk 1:19:54]} 10... h5 {[%clk 1:29:25]} 11. Nd4 {[%clk 1:16:56]} 11... Bg6 {
[%clk 1:26:20]} 12. f4 {[%clk 1:11:12]} 12... O-O-O {[%clk 1:24:33]} 13. Nf3 {
[%clk 0:59:09]} 13... Bd6 {[%clk 1:22:13]} 14. g3 {[%clk 0:57:18]} 14... Nb6 {
[%clk 1:18:31]} 15. Bb3 {[%clk 0:56:42]} 15... Nfd5 {[%clk 1:14:24]} 16. Ne4 {
[%clk 0:53:37]} 16... Bxe4 {[%clk 1:09:02]} 17. dxe4 {[%clk 0:53:57]} 17... Nb4
{[%clk 1:08:22]} 18. Bc3 {[%clk 0:49:48]} 18... Rhg8 {[%clk 1:02:04]} 19. Ne5 {
[%clk 0:48:22]} 19... g6 {[%clk 0:59:52]} 20. Nd3 {[%clk 0:40:10]} 20... Na6 {
[%clk 0:56:53]} 21. Bf6 {[%clk 0:38:27]} 21... Be7 {[%clk 0:55:32]} 22. Be5 {
[%clk 0:35:57]} 22... Bd6 {[%clk 0:54:52]} 23. Bf6 {[%clk 0:30:22]} 23... Be7 {
[%clk 0:54:41]} 24. Be5 {[%clk 0:30:47]} 24... Bd6 {[%clk 0:54:54]} 25. Bxd6 {
[%clk 0:30:17]} 25... Rxd6 {[%clk 0:53:53]} 26. a3 {[%clk 0:29:57]} 26... Rgd8
{[%clk 0:53:13]} 27. g4 {[%clk 0:28:46]} 27... Rh8 {[%clk 0:52:11]} 28. Qf2 {
[%clk 0:22:20]} 28... Rdd8 {[%clk 0:46:01]} 29. f5 {[%clk 0:20:05]} 29... exf5
{[%clk 0:44:30]} 30. exf5 {[%clk 0:19:38]} 30... hxg4 {[%clk 0:41:15]} 31. hxg4
{[%clk 0:19:18]} 31... Kb8 {[%clk 0:39:15]} 32. fxg6 {[%clk 0:18:52]} 32...
fxg6 {[%clk 0:39:26]} 33. Rxh8 {[%clk 0:12:51]} 33... Rxh8 {[%clk 0:39:34]} 34.
Qf6 {[%clk 0:13:18]} 34... Qh7 {[%clk 0:35:24]} 35. Ne5 {[%clk 0:12:23]} 35...
Qh6+ {[%clk 0:30:18]} 36. g5 {[%clk 0:12:51]} 36... Qf8 {[%clk 0:24:29]} 37.
Nf7 {[%clk 0:12:40]} 1-0

[Event "DEM U14w 2018"]
[Site "Willingen GER"]
[Date "2018.05.22"]
[Round "4"]
[White "Khamenya, Vitalia"]
[Black "Barutta, Larissa"]
[Result "0-1"]
[Termination "normal"]
[Board "9"]
[WhiteElo "1792"]
[BlackElo "1676"]
[WhiteClock "00:01:46"]
[BlackClock "01:11:56"]
[PlyCount "100"]
[WhiteFideId "12959260"]
[BlackFideId "16222946"]
[EventCountry "GER"]
[EventRounds "9"]
[EventType "swiss"]
[EventDate "2018.05.19"]

1. d4 {[%clk 1:30:49]} 1... d5 {[%clk 1:30:55]} 2. e3 {[%clk 1:31:14]} 2... Nf6
{[%clk 1:31:17]} 3. Bd3 {[%clk 1:31:37]} 3... c5 {[%clk 1:31:37]} 4. c3 { [%clk
1:32:00]} 4... Nc6 {[%clk 1:32:02]} 5. Nf3 {[%clk 1:31:46]} 5... Bg4 { [%clk
1:32:24]} 6. Nbd2 {[%clk 1:30:28]} 6... e6 {[%clk 1:32:48]} 7. O-O { [%clk
1:28:46]} 7... a6 {[%clk 1:31:32]} 8. h3 {[%clk 1:23:48]} 8... Bf5 { [%clk
1:31:35]} 9. Bxf5 {[%clk 1:21:49]} 9... exf5 {[%clk 1:31:57]} 10. dxc5 { [%clk
1:14:41]} 10... Bxc5 {[%clk 1:32:13]} 11. Nd4 {[%clk 1:14:05]} 11... Ne7 {[%clk
1:28:57]} 12. Qf3 {[%clk 0:58:40]} 12... Qd7 {[%clk 1:26:48]} 13. Rd1 { [%clk
0:56:20]} 13... g5 {[%clk 1:22:10]} 14. c4 {[%clk 0:46:23]} 14... O-O-O { [%clk
1:18:51]} 15. cxd5 {[%clk 0:36:42]} 15... h5 {[%clk 1:11:52]} 16. N2b3 { [%clk
0:30:42]} 16... Bb6 {[%clk 1:10:44]} 17. Qe2 {[%clk 0:26:49]} 17... Qd6 { [%clk
1:06:53]} 18. Nxf5 {[%clk 0:18:56]} 18... Nxf5 {[%clk 1:03:34]} 19. Qc2+ {[%clk
0:19:19]} 19... Kb8 {[%clk 1:03:00]} 20. Qxf5 {[%clk 0:19:39]} 20... Rdg8
{[%clk 1:02:23]} 21. e4 {[%clk 0:18:01]} 21... Bc7 {[%clk 1:01:43]} 22. e5
{[%clk 0:12:58]} 22... Qxe5 {[%clk 1:01:17]} 23. Qxe5 {[%clk 0:12:59]} 23...
Bxe5 {[%clk 1:01:37]} 24. Rb1 {[%clk 0:10:33]} 24... g4 {[%clk 1:00:25]} 25. h4
{[%clk 0:09:53]} 25... Rd8 {[%clk 1:00:19]} 26. Bg5 {[%clk 0:05:41]} 26... Rxd5
{[%clk 1:00:30]} 27. Rxd5 {[%clk 0:05:20]} 27... Nxd5 {[%clk 1:00:50]} 28. Nc5
{[%clk 0:04:00]} 28... Nb6 {[%clk 0:58:02]} 29. Nd3 {[%clk 0:03:17]} 29... Bc7
{[%clk 0:55:24]} 30. Re1 {[%clk 0:02:48]} 30... Rf8 {[%clk 0:52:57]} 31. Nc5 {
[%clk 0:01:39]} 31... Bd6 {[%clk 0:51:21]} 32. b4 {[%clk 0:01:03]} 32... Bxc5 {
[%clk 0:50:37]} 33. bxc5 {[%clk 0:01:33]} 33... Nd7 {[%clk 0:50:11]} 34. Be7 {
[%clk 0:01:42]} 34... Rc8 {[%clk 0:49:33]} 35. Bd6+ {[%clk 0:01:58]} 35... Ka7
{[%clk 0:48:05]} 36. Rc1 {[%clk 0:01:36]} 36... a5 {[%clk 0:47:27]} 37. Kf1 {
[%clk 0:01:20]} 37... Ka6 {[%clk 0:47:53]} 38. a4 {[%clk 0:01:07]} 38... Rc6 {
[%clk 0:47:46]} 39. Ke1 {[%clk 0:00:34]} 39... b6 {[%clk 0:47:57]} 40. Kf1 {
[%clk 0:00:33]} 40... bxc5 {[%clk 0:47:26]} 41. Bf4 {[%clk 0:30:02]} 41... Nb6
{[%clk 1:16:51]} 42. Ra1 {[%clk 0:30:03]} 42... c4 {[%clk 1:17:00]} 43. Ke2 {
[%clk 0:10:55]} 43... Re6+ {[%clk 1:13:55]} 44. Be3 {[%clk 0:06:22]} 44... Nd5
{[%clk 1:13:40]} 45. Ra3 {[%clk 0:05:23]} 45... Nxe3 {[%clk 1:10:54]} 46. Rxe3
{[%clk 0:05:00]} 46... Kb6 {[%clk 1:11:09]} 47. Rxe6+ {[%clk 0:01:14]} 47...
fxe6 {[%clk 1:11:27]} 48. Kd2 {[%clk 0:01:43]} 48... Kc5 {[%clk 1:11:15]} 49.
Kc3 {[%clk 0:02:08]} 49... e5 {[%clk 1:11:40]} 50. f3 {[%clk 0:01:46]} 50... g3
{[%clk 1:11:56]} 0-1

[Event "DEM U14w 2018"]
[Site "Willingen GER"]
[Date "2018.05.22"]
[Round "4"]
[White "Kalina, Lena"]
[Black "Prudlik, Elisa"]
[Result "1-0"]
[Termination "normal"]
[Board "10"]
[WhiteElo "1479"]
[BlackElo "1286"]
[WhiteClock "01:02:12"]
[BlackClock "00:09:49"]
[PlyCount "77"]
[WhiteFideId "12988014"]
[BlackFideId "16209915"]
[EventCountry "GER"]
[EventRounds "9"]
[EventType "swiss"]
[EventDate "2018.05.19"]

1. d4 {[%clk 1:30:57]} 1... Nf6 {[%clk 1:30:51]} 2. c4 {[%clk 1:31:21]} 2... d5
{[%clk 1:28:55]} 3. Nc3 {[%clk 1:31:33]} 3... e6 {[%clk 1:29:00]} 4. cxd5 {
[%clk 1:31:57]} 4... exd5 {[%clk 1:28:51]} 5. Bg5 {[%clk 1:32:16]} 5... Be7 {
[%clk 1:28:59]} 6. e3 {[%clk 1:32:31]} 6... O-O {[%clk 1:28:52]} 7. Bd3 { [%clk
1:32:05]} 7... Nbd7 {[%clk 1:28:03]} 8. Nge2 {[%clk 1:30:41]} 8... h6 { [%clk
1:28:03]} 9. Bh4 {[%clk 1:30:07]} 9... Re8 {[%clk 1:28:13]} 10. O-O { [%clk
1:29:43]} 10... Ne4 {[%clk 1:27:54]} 11. Bxe7 {[%clk 1:28:28]} 11... Nxc3
{[%clk 1:25:46]} 12. Nxc3 {[%clk 1:27:54]} 12... Qxe7 {[%clk 1:25:31]} 13. Nxd5
{[%clk 1:26:43]} 13... Qd6 {[%clk 1:25:01]} 14. Nf4 {[%clk 1:21:51]} 14... c5 {
[%clk 1:15:05]} 15. dxc5 {[%clk 1:18:48]} 15... Nxc5 {[%clk 1:14:23]} 16. Bh7+
{[%clk 1:18:32]} 16... Kxh7 {[%clk 1:11:03]} 17. Qxd6 {[%clk 1:18:45]} 17...
Ne4 {[%clk 1:07:04]} 18. Qd4 {[%clk 1:17:19]} 18... Bf5 {[%clk 0:59:41]} 19.
Nh5 {[%clk 1:15:02]} 19... f6 {[%clk 0:54:36]} 20. f3 {[%clk 1:13:35]} 20...
Bg6 {[%clk 0:44:04]} 21. Nf4 {[%clk 1:12:03]} 21... Ng5 {[%clk 0:39:32]} 22.
Nxg6 {[%clk 1:11:55]} 22... Kxg6 {[%clk 0:39:38]} 23. h4 {[%clk 1:09:40]} 23...
Ne6 {[%clk 0:37:12]} 24. Qe4+ {[%clk 1:08:17]} 24... Kf7 {[%clk 0:37:20]} 25.
Qxb7+ {[%clk 1:08:11]} 25... Kg8 {[%clk 0:37:26]} 26. Rfd1 {[%clk 1:06:34]}
26... Nc5 {[%clk 0:31:06]} 27. Qd5+ {[%clk 1:06:05]} 27... Ne6 {[%clk 0:31:27]}
28. Rac1 {[%clk 1:05:54]} 28... Kh8 {[%clk 0:29:37]} 29. Rc6 {[%clk 1:03:03]}
29... Nf8 {[%clk 0:17:42]} 30. Qf7 {[%clk 1:01:23]} 30... Ne6 {[%clk 0:12:37]}
31. Rxe6 {[%clk 1:00:44]} 31... Rxe6 32. Qxe6 {[%clk 1:00:46]} 32... Kh7 {
[%clk 0:10:47]} 33. Qe4+ {[%clk 1:00:52]} 33... Kh8 {[%clk 0:10:35]} 34. Qxa8+
{[%clk 1:01:17]} 34... Kh7 {[%clk 0:10:58]} 35. Qxa7 {[%clk 1:01:14]} 35... Kg8
{[%clk 0:09:40]} 36. Rd7 {[%clk 1:01:29]} 36... Kh8 {[%clk 0:09:04]} 37. Rxg7 {
[%clk 1:01:48]} 37... h5 {[%clk 0:09:23]} 38. Rh7+ {[%clk 1:02:12]} 38... Kg8 {
[%clk 0:09:49]} 39. Qg7# 1-0

[Event "DEM U14w 2018"]
[Site "Willingen GER"]
[Date "2018.05.22"]
[Round "4"]
[White "Schneider, Katharina"]
[Black "Schwegler, Jelena"]
[Result "1-0"]
[Termination "normal"]
[Board "11"]
[WhiteElo "1667"]
[BlackElo "1491"]
[WhiteClock "00:08:19"]
[BlackClock "00:07:48"]
[PlyCount "129"]
[WhiteFideId "16200519"]
[BlackFideId "16225481"]
[EventCountry "GER"]
[EventRounds "9"]
[EventType "swiss"]
[EventDate "2018.05.19"]

1. e4 {[%clk 1:30:58]} 1... e5 {[%clk 1:30:54]} 2. Nf3 {[%clk 1:31:25]} 2...
Nc6 {[%clk 1:31:18]} 3. Bc4 {[%clk 1:31:51]} 3... Nf6 {[%clk 1:31:27]} 4. Ng5 {
[%clk 1:22:33]} 4... d5 {[%clk 1:31:47]} 5. exd5 {[%clk 1:22:29]} 5... Na5 {
[%clk 1:32:11]} 6. Bb5+ {[%clk 1:19:06]} 6... c6 {[%clk 1:32:31]} 7. dxc6 {
[%clk 1:18:07]} 7... bxc6 {[%clk 1:32:53]} 8. Ba4 {[%clk 1:11:14]} 8... Qc7 {
[%clk 0:59:32]} 9. Nc3 {[%clk 0:59:35]} 9... Bd6 {[%clk 0:58:17]} 10. Nge4 {
[%clk 0:57:37]} 10... Nxe4 {[%clk 0:56:14]} 11. Nxe4 {[%clk 0:57:47]} 11... Be7
{[%clk 0:56:38]} 12. d3 {[%clk 0:51:07]} 12... O-O {[%clk 0:56:08]} 13. O-O {
[%clk 0:40:38]} 13... f5 {[%clk 0:55:43]} 14. Ng3 {[%clk 0:35:08]} 14... f4 {
[%clk 0:50:38]} 15. Ne4 {[%clk 0:35:21]} 15... Bf5 {[%clk 0:49:41]} 16. f3 {
[%clk 0:30:50]} 16... Nb7 {[%clk 0:49:44]} 17. Bb3+ {[%clk 0:29:21]} 17... Kh8
{[%clk 0:50:03]} 18. Bd2 {[%clk 0:25:27]} 18... Nd6 {[%clk 0:45:07]} 19. Kh1 {
[%clk 0:20:32]} 19... Rad8 {[%clk 0:43:24]} 20. Bb4 {[%clk 0:19:10]} 20... Nxe4
{[%clk 0:42:58]} 21. Bxe7 {[%clk 0:19:26]} 21... Qxe7 {[%clk 0:43:20]} 22. fxe4
{[%clk 0:19:38]} 22... Bxe4 {[%clk 0:43:10]} 23. Qe2 {[%clk 0:19:05]} 23... Bd5
{[%clk 0:42:22]} 24. c4 {[%clk 0:18:25]} 24... Bg8 {[%clk 0:40:34]} 25. Rae1 {
[%clk 0:17:36]} 25... Rde8 {[%clk 0:39:57]} 26. d4 {[%clk 0:13:41]} 26... e4 {
[%clk 0:38:40]} 27. Qg4 {[%clk 0:11:01]} 27... Qb4 {[%clk 0:34:21]} 28. d5 {
[%clk 0:09:20]} 28... cxd5 {[%clk 0:31:06]} 29. cxd5 {[%clk 0:09:42]} 29... e3
{[%clk 0:31:16]} 30. Qe2 {[%clk 0:07:59]} 30... Rd8 {[%clk 0:22:55]} 31. Rd1
31... Rf5 {[%clk 0:20:53]} 32. Qd3 {[%clk 0:04:09]} 32... Re5 {[%clk 0:20:08]}
33. Rfe1 {[%clk 0:03:48]} 33... Qb6 {[%clk 0:14:26]} 34. d6 {[%clk 0:03:18]}
34... Bxb3 {[%clk 0:13:59]} 35. axb3 {[%clk 0:03:44]} 35... Re6 {[%clk 0:13:11]
} 36. d7 {[%clk 0:03:59]} 36... Qc7 {[%clk 0:09:53]} 37. Qf5 {[%clk 0:02:55]}
37... Re7 {[%clk 0:07:29]} 38. Rc1 {[%clk 0:02:32]} 38... Qxd7 {[%clk 0:05:51]}
39. Qxf4 {[%clk 0:03:00]} 39... Qd2 {[%clk 0:05:12]} 40. Qg5 {[%clk 0:00:52]}
40... Red7 {[%clk 0:04:47]} 41. Qxe3 {[%clk 0:28:32]} 41... Qxe3 { [%clk
0:32:07]} 42. Rxe3 {[%clk 0:28:57]} 42... h6 {[%clk 0:31:45]} 43. h3 { [%clk
0:28:44]} 43... Rd2 {[%clk 0:31:46]} 44. Rc7 {[%clk 0:24:13]} 44... R8d7 {[%clk
0:29:12]} 45. Rxd7 {[%clk 0:22:36]} 45... Rxd7 {[%clk 0:29:37]} 46. b4 { [%clk
0:22:01]} 46... Rb7 {[%clk 0:29:32]} 47. Re4 {[%clk 0:20:50]} 47... Kh7 { [%clk
0:27:58]} 48. Kh2 {[%clk 0:19:26]} 48... Kg6 {[%clk 0:26:42]} 49. Kg3 { [%clk
0:18:46]} 49... Rd7 {[%clk 0:25:17]} 50. Kf3 {[%clk 0:18:49]} 50... Rd3+ {[%clk
0:24:35]} 51. Re3 {[%clk 0:19:08]} 51... Rxe3+ {[%clk 0:18:59]} 52. Kxe3 {[%clk
0:19:32]} 52... Kh5 {[%clk 0:16:53]} 53. g3 {[%clk 0:15:30]} 53... Kg5 { [%clk
0:13:39]} 54. Ke4 {[%clk 0:14:14]} 54... h5 {[%clk 0:13:42]} 55. Ke5 { [%clk
0:11:13]} 55... a6 {[%clk 0:08:53]} 56. b3 {[%clk 0:11:09]} 56... g6 { [%clk
0:07:57]} 57. Ke4 {[%clk 0:09:42]} 57... Kf6 {[%clk 0:07:07]} 58. Kd5 { [%clk
0:06:14]} 58... Kf5 {[%clk 0:07:02]} 59. Kc6 {[%clk 0:06:28]} 59... Ke4 { [%clk
0:06:58]} 60. Kb6 {[%clk 0:06:51]} 60... Kf3 {[%clk 0:07:21]} 61. Kxa6 { [%clk
0:06:49]} 61... Kxg3 {[%clk 0:07:45]} 62. b5 {[%clk 0:07:12]} 62... Kxh3 {[%clk
0:07:52]} 63. b6 {[%clk 0:07:39]} 63... Kg2 {[%clk 0:07:23]} 64. b7 { [%clk
0:07:56]} 64... h4 {[%clk 0:07:48]} 65. b8=Q {[%clk 0:08:19]} 1-0